000 00583nam a22002177a 4500
003 UA-OsUOA
001 68304
007 ta
008 20100415b un ||||| |||| 00| 0 ukr d
100 _aСеврук О.
090 _a82
_bС28
942 _cSA
040 _aUA-OsUOA
_bukr
_cUA-OsUOA
_dUA-OsUOA
245 _aУрбаністичний простір у романах Юрія Андруховича
300 _aС.70-81
955 _a0
041 _aukr
080 _a82
773 0 _w68300
650 7 _a82 Література. Літературознавство
_2UDC
999 _c354542
_d354542